Cómo enseñar a pensar a tu hijo

I tiakina i:
Ngā taipitopito rārangi puna kōrero
Kaituhi matua: Bono, Edward de (Author)
Hōputu: Pukapuka
Reo:Pāniora
I whakaputaina: Barcelona Paidós 1994
Rangatū:Guías para Padres, 9
Ngā marau:
Ngā Tūtohu: Tāpirihia he Tūtohu
Kāore He Tūtohu, Me noho koe te mea tuatahi ki te tūtohu i tēnei pūkete!

MARC

LEADER 00000nam a2200000 a 4500
001 UCZ2914
003 CL-VaPUC
008 951013e19940000SP |||||||||||||||||spa|d
082 0 4 |a 153.42  |b BON  |2 21 
100 0 |a Bono, Edward de  |e author  |9 346711 
245 1 0 |a Cómo enseñar a pensar a tu hijo  
300 |a 360 p 
942 |c BK 
945 |d 19951013 00:00:00  |a awong 
260 |a Barcelona  |b Paidós  |c 1994 
650 0 |a Pensamiento  |9 307612 
650 7 |a DESARROLLO DE LOS PROCESOS MENTALES  |2 CL-VaPUC  |9 334692 
650 0 |a Enseñanza  |9 256457 
583 |a last modification  |c 19951013 00:00:00  |k Rodrigo Vera 
490 0 |a Guías para Padres, 9  
999 |c 239452  |d 239450 
952 |0 0  |1 0  |4 0  |6 153_420000000000000_BON_1994  |7 0  |8 A  |9 250591  |a BIBEDU  |b BIBEDU  |d 2019-11-18  |i 3140121  |o 153.42 BON 1994  |p 3140121  |r 2019-11-18  |w 2019-11-18  |y BK  |k EDU